[Event "Challenge"]
[Site "http://www.queenalice.com/game.php?id=707972"]
[Date "2010.1.3"]
[Round "-"]
[White "Petrucio"]
[Black "CarlosKerber"]
[Result "0-1"]
[WhiteElo "1438"]
[BlackElo "1592"]

1. e4 c5 2. c4 Nc6 3. Nf3 d6 4. Ng5 Nf6 5. Nc3 e6 6. Qf3 Ne5 7. Qe2 Be7 8. Nb5
a6 9. Nc3 O-O 10. h4 Bd7 11. h5 Bc6 12. Rh4 h6 13. Qe3 Nfg4 14. Qf4 Bxg5 15. Qg3
Bxh4 16. Qh3 Qf6 17. d3 Qxf2+ 18. Kd1 Qxf1+ 19. Kc2 Qf2+ 20. Kb3 b5 21. cxb5
axb5 22. Qh1 Nxd3 23. Qd1 c4# 0-1

[Event "Challenge"]
[Site "http://www.queenalice.com/game.php?id=727012"]
[Date "2010.2.6"]
[Round "-"]
[White "CarlosKerber"]
[Black "Milpat"]
[Result "0-1"]
[WhiteElo "1651"]
[BlackElo "1550"]

1. e4 c5 2. Nf3 d6 3. d4 cxd4 4. Nxd4 Nf6 5. Nc3 Bd7 6. Bc4 g6 7. Be3 Bg7 8. O-O
Nc6 9. h3 Ne5 10. Bb3 Rc8 11. Qe2 a6 12. f4 Nc6 13. Qc4 O-O 14. Qe2 Nxe4 15.
Nxc6 Nxc3 16. Nxe7+ Qxe7 17. bxc3 Rxc3 18. Rae1 Bb5 19. Qd2 Bxf1 20. Kxf1 Qd7
21. Bd4 Bxd4 22. Qxd4 Qc6 23. Bd5 Qb5+ 24. Re2 Rxc2 25. Qd1 Rxe2 26. Qxe2 Qxd5
0-1

[Event "Challenge"]
[Site "http://www.queenalice.com/game.php?id=736854"]
[Date "2010.2.24"]
[Round "-"]
[White "Petrucio"]
[Black "CarlosKerber"]
[Result "0-1"]
[WhiteElo "1400"]
[BlackElo "1642"]

1. Nf3 Nf6 2. e3 d5 3. d4 g6 4. Ne5 Bg7 5. f4 O-O 6. Qf3 e6 7. Ng4 Nxg4 8. Qxg4
e5 9. Qg3 exd4 10. exd4 Re8+ 11. Be3 Bxd4 12. c3 Rxe3+ 13. Kf2 Rxc3+ 14. Ke2
Qe7+ 15. Kd1 Rxg3 16. Nc3 Rxc3 17. Rc1 Bg4+ 18. Kd2 Qe3# 0-1

[Event "Challenge"]
[Site "http://www.queenalice.com/game.php?id=741285"]
[Date "2010.3.5"]
[Round "-"]
[White "Whitecharger"]
[Black "CarlosKerber"]
[Result "1-0"]
[WhiteElo "2340"]
[BlackElo "1623"]

1. d4 Nf6 2. c4 e6 3. Nc3 Bb4 4. e3 b6 5. Ne2 Bb7 6. a3 Be7 7. d5 exd5 8. cxd5
O-O 9. g3 d6 10. Bg2 c6 11. b4 cxd5 12. O-O Nbd7 13. Nf4 Rc8 14. Ncxd5 Nxd5 15.
Nxd5 Bxd5 16. Bxd5 Nf6 17. Bg2 Re8 18. Bb2 Bf8 19. Rc1 Qe7 20. Qa4 Qd7 21. Bc6
Qh3 22. Bxf6 gxf6 23. Bxe8 1-0

[Event "Challenge"]
[Site "http://www.queenalice.com/game.php?id=741286"]
[Date "2010.3.5"]
[Round "-"]
[White "CarlosKerber"]
[Black "Whitecharger"]
[Result "0-1"]
[WhiteElo "1633"]
[BlackElo "2351"]

1. e4 e6 2. d4 d5 3. Nc3 Bb4 4. exd5 exd5 5. Ne2 Nf6 6. a3 Bd6 7. Bf4 O-O 8. Qd2
Be6 9. Bxd6 Qxd6 10. Nf4 Nc6 11. Nxe6 Qxe6+ 12. Be2 Ne4 13. Nxe4 Qxe4 14. O-O
Qxd4 15. Qxd4 Nxd4 16. Bd3 Rfe8 17. Rad1 Ne2+ 18. Kh1 Nf4 19. Bb5 c6 20. Bd3
Nxd3 21. Rxd3 Re2 22. Rc3 Rae8 23. Kg1 Rd2 24. Rb3 b6 25. Rc3 c5 26. Rd3 Rxc2
27. Rxd5 Rxb2 28. Rfd1 c4 29. Rd7 c3 30. Re7 Kf8 0-1

[Event "Challenge"]
[Site "http://www.queenalice.com/game.php?id=749243"]
[Date "2010.3.20"]
[Round "-"]
[White "Petrucio"]
[Black "CarlosKerber"]
[Result "0-1"]
[WhiteElo "1427"]
[BlackElo "1623"]

1. h4 e5 2. e4 Nf6 3. d3 d5 4. d4 dxe4 5. dxe5 Qxd1+ 6. Kxd1 Ng4 7. f3 Nf2+ 8.
Ke1 Nxh1 9. fxe4 Bg4 10. Bc4 Be7 11. Bg5 f6 12. Bf4 fxe5 13. Bxe5 Bf6 14. Bxc7
Bxb2 15. Be2 Bxe2 16. Kxe2 Kd7 17. Bxb8 Raxb8 18. Kd2 Nf2 19. a4 Bxa1 20. Ke3
Rhf8 21. Nd2 Rbc8 22. Nb3 Rc3+ 23. Kd2 Nxe4+ 24. Kc1 Rf1# 0-1

[Event "Challenge"]
[Site "http://www.queenalice.com/game.php?id=759154"]
[Date "2010.4.10"]
[Round "-"]
[White "Milpat"]
[Black "CarlosKerber"]
[Result "1-0"]
[WhiteElo "1700"]
[BlackElo "1615"]

1. e4 d5 2. exd5 Qxd5 3. Nc3 Qd8 4. d4 e6 5. Nf3 Nf6 6. Bd3 Bb4 7. O-O O-O 8.
Ne4 Nbd7 9. c3 Be7 10. Re1 c5 11. Be3 Qc7 12. Rc1 c4 13. Bb1 b5 14. Bg5 Re8 15.
Qc2 g6 16. h4 Nxe4 17. Rxe4 Bb7 18. Bxe7 Bxe4 19. Qxe4 Rac8 20. Bg5 f6 21. Bf4
Qb6 22. h5 Nf8 23. hxg6 Nxg6 24. Bh6 Qc7 25. Re1 Qf7 26. Qg4 Kh8 27. Qh5 Rc7 28.
Qxb5 Ne7 29. Bf4 Rcc8 30. Qd7 Rg8 31. Rxe6 Qg7 32. Bg3 Rce8 33. Rxf6 Ng6 34. Rf7
Nf8 35. Qxe8 Qh6 36. Be5+ 1-0

[Event "Challenge"]
[Site "http://www.queenalice.com/game.php?id=769669"]
[Date "2010.5.2"]
[Round "-"]
[White "Petrucio"]
[Black "CarlosKerber"]
[Result "0-1"]
[WhiteElo "1451"]
[BlackElo "1633"]

1. Nc3 e6 2. Ne4 d5 3. Nc3 Nf6 4. d4 c5 5. dxc5 Bxc5 6. e3 O-O 7. a4 Bd7 8. Nh3
Nc6 9. Nb5 a6 10. Nc3 Qc7 11. Ng5 h6 12. Nf3 Rac8 13. h4 Bb4 14. Ke2 Ne5 15. Bd2
Qc4+ 16. Ke1 Nxf3+ 17. Qxf3 Qc7 18. Ne2 Bxd2+ 19. Kd1 Qxc2# 0-1

[Event "Challenge"]
[Site "http://www.queenalice.com/game.php?id=833566"]
[Date "2010.9.16"]
[Round "-"]
[White "shivaroxxx"]
[Black "CarlosKerber"]
[Result "1-0"]
[WhiteElo "1100"]
[BlackElo "1592"]

1. e4 c6 2. Nf3 e6 3. d4 d5 4. Nc3 Be7 5. Bd3 dxe4 6. Nxe4 Nf6 7. Ng3 O-O 8. h3
Nbd7 9. c3 Re8 10. O-O Qc7 11. Qc2 b6 12. Re1 a5 13. Ng5 h6 14. Bh7+ Kf8 15.
Nxf7 Nxh7 16. Qxh7 Kxf7 17. Bxh6 Rg8 18. Re3 Qd8 19. Rf3+ Bf6 20. Ne4 Kf8 21.
Bg5 1-0

[Event "Challenge from Tim"]
[Site "http://www.queenalice.com/game.php?id=857597"]
[Date "2010.11.11"]
[Round "-"]
[White "CarlosKerber"]
[Black "DaInimitableKan"]
[Result "0-1"]
[WhiteElo "1592"]
[BlackElo "1857"]

1. e4 e5 2. Nf3 Nc6 3. Bc4 Nf6 4. Nc3 Nxe4 5. Bxf7+ Kxf7 6. Nxe4 d5 7. Nfg5+ Kg8
8. Qh5 g6 9. Qf3 Bf5 10. Ng3 Qxg5 11. Qxd5+ Kg7 12. h4 Qf6 13. h5 Be6 14. Qe4
Bc5 15. O-O Rhf8 16. d3 Bxf2+ 17. Kh1 Qe7 18. h6+ Kg8 19. Rxf2 Rxf2 20. c3 Rd8
21. Kg1 Bd5 22. Qg4 Rxg2+ 23. Kf1 Qf6+ 24. Ke1 Qf2+ 0-1

[Event "Challenge"]
[Site "http://www.queenalice.com/game.php?id=858909"]
[Date "2010.11.14"]
[Round "-"]
[White "CarlosKerber"]
[Black "shivaroxxx"]
[Result "0-1"]
[WhiteElo "1592"]
[BlackElo "1100"]

1. d4 c5 2. d5 g6 3. c4 Bg7 4. Qc2 d6 5. e4 Nf6 6. Bd3 O-O 7. Nc3 e6 8. Nf3 exd5
9. exd5 Re8+ 10. Ne2 Bg4 11. Bf4 Qb6 12. Ng1 Na6 13. a3 Qa5+ 14. Bd2 Nb4 15.
Bxb4 cxb4 16. Qb3 bxa3+ 17. Kd1 Ne4 18. Bxe4 Rxe4 19. Rxa3 Rd4+ 0-1